[Event "Fagernes GM Open 2014"]
[Site "Fagernes NOR"]
[Date "2014.04.15"]
[Round "4.3"]
[White "Lillevold, Frode"]
[Black "Gajewski, Grzegorz"]
[Result "0-1"]
[BlackTitle "GM"]
[WhiteElo "2182"]
[BlackElo "2631"]
[WhiteFideId "1502913"]
[BlackFideId "1116207"]
[EventDate "2014.04.13"]

1. d4 Nf6 2. c4 e6 3. Nc3 Bb4 4. Nf3 b6 5. e3 Bb7 6. Bd3 O-O 7. O-O d5 8. Qc2
dxc4 9. Bxc4 c5 10. a3 Bxc3 11. bxc3 Qc7 12. Qe2 Nbd7 13. Bd3 Ne4 14. Bb2 f5 15.
Rac1 Rf6 16. Ne5 Rh6 17. f4 Nxe5 18. dxe5 Qe7 19. Qe1 Rg6 20. Rc2 Rd8 21. Bc4
Qd7 22. Bc1 Nd2 0-1

[Event "Fagernes GM Open 2014"]
[Site "Fagernes NOR"]
[Date "2014.04.15"]
[Round "4.4"]
[White "Rozentalis, Eduardas"]
[Black "Svane, Rasmus"]
[Result "1-0"]
[WhiteTitle "GM"]
[BlackTitle "IM"]
[WhiteElo "2624"]
[BlackElo "2487"]
[WhiteFideId "12800023"]
[BlackFideId "4657101"]
[EventDate "2014.04.13"]

1. e4 e6 2. d4 d5 3. Nd2 c5 4. Ngf3 cxd4 5. exd5 Qxd5 6. Bc4 Qd7 7. O-O Nc6 8.
Nb3 Nf6 9. Qe2 a6 10. Bg5 Be7 11. Rad1 b5 12. Bd3 Bb7 13. Nbxd4 Nxd4 14. Nxd4
O-O 15. c3 Nd5 16. Nf3 Bxg5 17. Nxg5 h6 18. Bh7+ Kh8 19. Bb1 Qe7 20. Nf3 Rad8
21. Rd4 Qf6 22. Qd3 g6 23. Qd2 Kg7 24. Be4 Rd7 25. b3 Rfd8 26. Re1 Bc8 27. Rd1
Nf4 28. Qe3 Rxd4 29. cxd4 Nd5 30. Bxd5 Rxd5 31. Rc1 Qd8 32. Qf4 Bb7 33. Ne5 Qf6
34. Qxf6+ Kxf6 35. Rc7 Rxd4 36. f4 Rxf4 37. Nd7+ Kg5 38. Rxb7 Rd4 39. Nc5 Rd1+
40. Kf2 Rd2+ 41. Kf3 f5 42. Nxe6+ Kf6 43. Rb6 Rxa2 44. Nf4+ Kf7 45. Nxg6 Ra3 46.
Kf4 Rxb3 47. Ne5+ Ke7 48. Rxa6 Rb2 49. Rxh6 Rxg2 50. Kxf5 Rf2+ 51. Ke4 Re2+ 52.
Kd5 Rd2+ 53. Kc5 Kf8 54. Nc6 Kg7 55. Rh3 Kf6 56. Kxb5 Kf5 57. Kc4 Kg4 58. Rh8
Rc2+ 59. Kd5 Re2 60. Kd4 Ra2 61. Ke3 Ra3+ 62. Ke4 Ra4+ 63. Nd4 Ra3 64. h3+ Kg3
65. Nf5+ Kg2 66. h4 Ra4+ 67. Ke5 Kf3 68. Rd8 Ra7 69. Rd3+ Kg4 70. Rg3+ Kh5 71.
Rg5# 1-0

[Event "Fagernes GM Open 2014"]
[Site "Fagernes NOR"]
[Date "2014.04.15"]
[Round "4.5"]
[White "Turov, Maxim"]
[Black "Donchenko, Alexander"]
[Result "1/2-1/2"]
[WhiteTitle "GM"]
[BlackTitle "IM"]
[WhiteElo "2593"]
[BlackElo "2471"]
[WhiteFideId "4120086"]
[BlackFideId "24603295"]
[EventDate "2014.04.13"]

1. c4 c5 2. Nc3 Nc6 3. g3 g6 4. Bg2 Bg7 5. Nf3 Nh6 6. d4 cxd4 7. Bxh6 Bxh6 8.
Nxd4 Bg7 9. e3 O-O 10. O-O Qb6 11. Nd5 Qd8 12. Qd2 d6 13. Nxc6 bxc6 14. Nb4 Qc7
15. Bxc6 Rb8 16. Nd5 Qd8 17. Rab1 Bf5 18. e4 1/2-1/2

[Event "Fagernes GM Open 2014"]
[Site "Fagernes NOR"]
[Date "2014.04.15"]
[Round "4.6"]
[White "Kveinys, Aloyzas"]
[Black "Hansen, Torbjorn Ringdal"]
[Result "1/2-1/2"]
[WhiteTitle "GM"]
[BlackTitle "IM"]
[WhiteElo "2543"]
[BlackElo "2469"]
[WhiteFideId "12800040"]
[BlackFideId "1501720"]
[EventDate "2014.04.13"]

1. d4 Nf6 2. Nf3 g6 3. c4 Bg7 4. g3 O-O 5. Bg2 d6 6. O-O Nc6 7. Nc3 a6 8. Bf4
Rb8 9. Rc1 b5 10. Nd5 Nh5 11. cxb5 Rxb5 12. Rxc6 Rxd5 13. Bd2 Bb7 14. Rc2 Nf6
15. Qc1 c5 16. dxc5 Rxc5 17. Rxc5 dxc5 18. Be3 Ne4 19. Qc2 Qa5 20. Ng5 Nxg5 21.
Bxb7 Ne6 22. Qc4 Rb8 23. Qxa6 Qb4 24. Bf3 Bxb2 25. Qc6 Bd4 26. Bd5 Bxe3 27. Bxe6
Bd4 28. Bb3 Qb7 29. Qxb7 Rxb7 30. Rc1 Rb5 31. e3 Be5 32. f4 Bc7 33. Kf2 e6 34.
Ke2 Kf8 35. Kd3 Bb6 36. g4 h6 37. h4 Ke7 38. Rh1 Kf6 39. h5 gxh5 40. Bc4 Rb2 41.
Rxh5 Kg7 42. f5 e5 43. Ke4 Rg2 44. f6+ Kg6 45. Kf3 Rd2 46. Rxe5 Rd6 47. Ke4 Rxf6
48. a4 Rf2 49. Rd5 Rb2 50. Rd7 Rb4 51. Kd5 f6 52. Bd3+ Kg5 53. Rg7+ Kh4 54. Rg6
c4 55. Rxh6+ Kxg4 56. Bxc4 1/2-1/2

[Event "Fagernes GM Open 2014"]
[Site "Fagernes NOR"]
[Date "2014.04.15"]
[Round "4.7"]
[White "Urkedal, Frode"]
[Black "Haug, Johannes"]
[Result "1-0"]
[WhiteTitle "IM"]
[WhiteElo "2494"]
[BlackElo "2096"]
[WhiteFideId "1506102"]
[BlackFideId "1509268"]
[EventDate "2014.04.13"]

1. d4 Nf6 2. c4 e6 3. Nc3 Bb4 4. e3 O-O 5. Ne2 d5 6. a3 Bd6 7. c5 Be7 8. b4 b6
9. Nf4 c6 10. Be2 Qc7 11. Nd3 Nbd7 12. f4 a5 13. Bd2 Ba6 14. O-O axb4 15. axb4
Bc4 16. Qc2 Qb7 17. Bf3 Ra6 18. Rab1 b5 19. Rfe1 Bxd3 20. Qxd3 Ra3 21. Bc1 Ra6
22. g4 g6 23. Bb2 Rfa8 24. h4 Ne8 25. h5 f5 26. hxg6 hxg6 27. g5 Bf8 28. Kf2 Bg7
29. Rh1 Nf8 30. Rh2 Kf7 31. Bd1 Ke7 32. Bb3 Rd8 33. Ne2 Kd7 34. Ng1 Kc8 35. Nf3
Qe7 36. Nd2 Kc7 37. Rhh1 Kb7 38. Bc2 Kc7 39. Qe2 Ra7 40. Bd3 Qd7 41. Nb3 Rda8
42. Na5 Kc8 43. Nxc6 1-0

[Event "Fagernes GM Open 2014"]
[Site "Fagernes NOR"]
[Date "2014.04.15"]
[Round "4.8"]
[White "Boruchovsky, Avital"]
[Black "Galinsky, Timofey"]
[Result "1-0"]
[WhiteTitle "IM"]
[BlackTitle "IM"]
[WhiteElo "2492"]
[BlackElo "2427"]
[WhiteFideId "2800055"]
[BlackFideId "14104164"]
[EventDate "2014.04.13"]

1. e4 e6 2. d4 d5 3. Nd2 Nc6 4. Ngf3 Nf6 5. e5 Nd7 6. c4 dxc4 7. Nxc4 Nb6 8. a3
Be7 9. Bd3 g5 10. Nxb6 axb6 11. Be3 g4 12. Ng1 Qd5 13. Ne2 Qxg2 14. Rg1 Qf3 15.
Qb1 Bh4 16. Kf1 f5 17. exf6 Qxf6 18. Bxh7 Ne7 19. Rxg4 Nf5 20. Bg6+ Kd8 21. Bf4
Qe7 22. Qc1 Bf6 23. Bxf5 exf5 24. Rg6 Rf8 25. Rxf6 Rxf6 26. Bg5 Bd7 27. Qc4 Kc8
28. Bxf6 Qxf6 29. Qg8+ Qd8 30. Qxd8+ Kxd8 31. Nc3 Ke7 32. Re1+ Kd6 33. Re3 Rh8
34. Kg1 Rh4 35. Ne2 f4 36. Re4 Rg4+ 37. Kf1 f3 38. Nc3 Rg2 39. h4 c5 40. Rf4 Rh2
41. Ke1 Bc6 42. Rg4 cxd4 43. Rxd4+ Ke5 44. Rg4 Kf5 45. Rb4 Ke6 46. Nd1 Kd6 47.
Kd2 Rh1 48. Nc3 Ke5 49. Rg4 Kf5 50. Rd4 Ke5 51. Rb4 Rf1 52. Nd1 b5 53. Rg4 Kf6
54. Rf4+ Ke5 55. Rf5+ Ke6 56. Rf4 Ke5 57. Rg4 Kf6 58. h5 Rh1 59. Rg6+ Kf7 60.
Rg5 Kf6 61. Rc5 Rf1 62. Rf5+ Kg7 63. Re5 Kh6 64. Re1 Rxe1 65. Kxe1 Kxh5 66. Kd2
Kg5 67. Ke3 Kf5 68. Nc3 Ke5 69. Nb1 Kf5 70. Nd2 Kg4 71. Nb3 b4 72. axb4 b6 73.
Nd2 Bd5 74. b5 Kf5 75. Kd4 Bf7 76. b3 Kf4 77. Nc4 Be8 78. Nxb6 Bxb5 79. Nd5+ Kf5
80. b4 Be2 81. Nc3 Ba6 82. b5 Bb7 83. Na4 1-0

[Event "Fagernes GM Open 2014"]
[Site "Fagernes NOR"]
[Date "2014.04.15"]
[Round "4.9"]
[White "Houska, Jovanka"]
[Black "Hammer, Jon Ludvig"]
[Result "0-1"]
[WhiteTitle "IM"]
[BlackTitle "GM"]
[WhiteElo "2410"]
[BlackElo "2647"]
[WhiteFideId "405094"]
[BlackFideId "1503707"]
[EventDate "2014.04.13"]

1. d4 Nf6 2. Nf3 d5 3. c4 e6 4. Nc3 Bb4 5. Bg5 h6 6. Bxf6 Qxf6 7. Qa4+ Nc6 8. e3
O-O 9. Be2 Bd7 10. Qb3 dxc4 11. Bxc4 Qe7 12. Be2 Bd6 13. O-O e5 14. Nd5 Qe8 15.
dxe5 Nxe5 16. Nd4 Rb8 17. f4 Ng6 18. Bd3 Kh8 19. Rae1 c6 20. Nc3 f5 21. Qc2 Qf7
22. Nce2 Rbe8 23. Ng3 Nh4 24. a3 Bc7 25. Kh1 Bb6 26. Nf3 Nxf3 27. Rxf3 Be6 28.
Rff1 Bb3 29. Qc3 Be6 30. e4 fxe4 31. Nxe4 Qc7 32. Ng3 Bd5 33. Rxe8 Rxe8 34. Bc2
Re3 35. Qd2 Qf7 36. Nf5 Re6 37. Qd3 Qg6 38. Ng3 Qxd3 39. Bxd3 Re3 40. Bg6 Kg8
41. f5 Bd4 42. Nh5 Be5 43. f6 gxf6 0-1

[Event "Fagernes GM Open 2014"]
[Site "Fagernes NOR"]
[Date "2014.04.15"]
[Round "4.10"]
[White "Wallace, John Paul"]
[Black "Johannessen, Leif Erlend"]
[Result "0-1"]
[WhiteTitle "IM"]
[BlackTitle "GM"]
[WhiteElo "2402"]
[BlackElo "2530"]
[WhiteFideId "3200957"]
[BlackFideId "1501674"]
[EventDate "2014.04.13"]

1. e4 e6 2. d4 d5 3. Nc3 Bb4 4. e5 Ne7 5. Bd2 b6 6. Nf3 Bxc3 7. Bxc3 Ba6 8. Bxa6
Nxa6 9. Qd3 Qc8 10. h4 c5 11. h5 h6 12. O-O Nc6 13. Rac1 O-O 14. Rfe1 cxd4 15.
Bxd4 Nab4 16. Qd2 Nxd4 17. Qxd4 Nxc2 18. Qd1 Nxe1 19. Rxc8 Nxf3+ 20. Qxf3 Raxc8
21. g4 f6 22. Qe2 Rc4 23. f3 Rf4 24. Kg2 Kh8 25. Qe3 fxe5 26. Qxe5 R4f6 27. f4
Rxf4 28. Qxe6 Re4 29. Qd7 d4 30. g5 hxg5 31. h6 gxh6 32. Qc6 Re2+ 33. Kg3 Kg7
34. Qd7+ Kg6 35. Qxa7 Rfe8 36. Qxb6+ R8e6 37. Qxd4 R6e3+ 38. Kg4 h5# 0-1

[Event "Fagernes GM Open 2014"]
[Site "Fagernes NOR"]
[Date "2014.04.15"]
[Round "4.11"]
[White "Christiansen, Johan-Sebastian"]
[Black "Elsness, Frode"]
[Result "0-1"]
[BlackTitle "IM"]
[WhiteElo "2207"]
[BlackElo "2483"]
[WhiteFideId "1512668"]
[BlackFideId "1501100"]
[EventDate "2014.04.13"]

1. c4 e5 2. g3 Nf6 3. Bg2 h6 4. Nc3 Bb4 5. Nf3 Bxc3 6. bxc3 d6 7. d3 O-O 8. O-O
e4 9. Nd4 Re8 10. Rb1 Nbd7 11. Qc2 Nc5 12. Ba3 Qe7 13. Nb3 Nxb3 14. axb3 e3 15.
f3 Bf5 16. Ra1 Qe6 17. Ra2 h5 18. Rfa1 a6 19. Qb1 c6 20. c5 d5 21. Bb2 Rad8 22.
Qf1 Nh7 23. Ra4 Qe7 24. Rf4 Bc8 25. Ra5 Nf8 26. Bh3 Bxh3 27. Qxh3 Ne6 28. Rh4 g6
29. b4 Qf6 30. Qf1 Ng7 31. Ra1 g5 32. Rh3 Re5 33. Qg2 Qg6 34. g4 Ne6 35. gxh5
Qh6 36. Rh4 Kh7 37. Rg4 Nf4 38. Qf1 f5 39. Rxf4 gxf4 40. c4 Ree8 41. cxd5 Rg8+
42. Kh1 Rg5 43. dxc6 Rdg8 44. Qh3 Rxh5 45. Qxh5 Qxh5 46. Rg1 Rxg1+ 47. Kxg1 Qh4 0-1

[Event "Fagernes GM Open 2014"]
[Site "Fagernes NOR"]
[Date "2014.04.15"]
[Round "4.12"]
[White "Lie, Espen"]
[Black "Mihajlov, Sebastian"]
[Result "1/2-1/2"]
[WhiteTitle "IM"]
[BlackTitle "CM"]
[WhiteElo "2460"]
[BlackElo "2197"]
[WhiteFideId "1502611"]
[BlackFideId "1512110"]
[EventDate "2014.04.13"]

1. e4 e5 2. Nf3 Nc6 3. Bb5 a6 4. Ba4 Nf6 5. O-O Be7 6. d3 b5 7. Bb3 d6 8. a3 O-O
9. Re1 Re8 10. h3 Bf8 11. Nc3 h6 12. Be3 Be6 13. Bxe6 Rxe6 14. d4 exd4 15. Nxd4
Nxd4 16. Qxd4 c6 17. Bf4 Qe7 18. a4 Re8 19. axb5 axb5 20. Ra7 Qd8 21. Re3 Qb8
22. Ra1 b4 23. Ne2 Rxe4 24. Qd3 Rxe3 25. Bxe3 d5 26. Ng3 c5 27. Bd2 Qe5 28. c3
c4 29. Qf3 Bc5 30. Re1 Ne4 31. Nxe4 dxe4 32. Qe2 Bd6 33. g3 Qe6 34. Kg2 bxc3 35.
Bxc3 f5 36. Rd1 Kh7 37. Ra1 Be5 38. Ra5 Bxc3 1/2-1/2

[Event "Fagernes GM Open 2014"]
[Site "Fagernes NOR"]
[Date "2014.04.15"]
[Round "4.13"]
[White "Tari, Aryan"]
[Black "Djurhuus, Rune"]
[Result "1/2-1/2"]
[WhiteTitle "IM"]
[BlackTitle "GM"]
[WhiteElo "2387"]
[BlackElo "2447"]
[WhiteFideId "1510045"]
[BlackFideId "1500082"]
[EventDate "2014.04.13"]

1. d4 e6 2. c4 f5 3. Nc3 Nf6 4. e3 Bb4 5. Qc2 O-O 6. Bd3 b6 7. Ne2 Bb7 8. O-O
Bxc3 9. Nxc3 Nc6 10. a3 Ne7 11. b4 d6 12. Bb2 Qe8 13. f3 Rc8 14. Rae1 Qh5 15. e4
Nc6 16. d5 Ne5 17. dxe6 Nxd3 18. Qxd3 fxe4 19. Nxe4 Nxe4 20. fxe4 Qg6 21. Rxf8+ 1/2-1/2

[Event "Fagernes GM Open 2014"]
[Site "Fagernes NOR"]
[Date "2014.04.15"]
[Round "4.14"]
[White "Getz, Nicolai"]
[Black "Holm, Kristian Stuvik"]
[Result "1-0"]
[WhiteTitle "IM"]
[BlackTitle "FM"]
[WhiteElo "2388"]
[BlackElo "2321"]
[WhiteFideId "1505572"]
[BlackFideId "1508083"]
[EventDate "2014.04.13"]

1. e4 c5 2. d3 Nc6 3. Be2 e6 4. f4 d5 5. Nf3 Be7 6. O-O Nf6 7. e5 Ng4 8. h3 Nh6
9. g4 f6 10. exf6 gxf6 11. f5 Nf7 12. Nh4 Qb6 13. c3 Bd7 14. fxe6 Bxe6 15. Nf5
Bxf5 16. Rxf5 O-O-O 17. Na3 c4+ 18. d4 Bxa3 19. bxa3 Ne7 20. Rf2 Ng5 21. Bxg5
fxg5 22. Qd2 Qd6 23. Bf1 h6 24. a4 Ng6 25. Re1 Nf4 26. Re5 Rdf8 27. Qe3 Kb8 28.
Rb2 Rc8 29. Bg2 Qa3 30. Rf2 Qd6 31. Rxf4 gxf4 32. Qxf4 Rhf8 33. Qe3 Qg6 34. Rxd5
Rf7 35. Rb5 Qd3 36. Qe5+ Ka8 37. Qe6 Rcf8 38. Qxh6 Rf1+ 39. Kh2 R1f2 40. Qxf8+
Rxf8 41. Bxb7+ Kb8 42. Be4+ Kc7 43. Bxd3 cxd3 44. Rb2 1-0

[Event "Fagernes GM Open 2014"]
[Site "Fagernes NOR"]
[Date "2014.04.15"]
[Round "4.15"]
[White "Andersen, Alf R."]
[Black "Salomon, Johan"]
[Result "0-1"]
[WhiteElo "2230"]
[BlackElo "2343"]
[WhiteFideId "1503120"]
[BlackFideId "1509500"]
[EventDate "2014.04.13"]

1. e4 e5 2. Nf3 Nc6 3. d4 exd4 4. Nxd4 Bc5 5. Be3 Qf6 6. Nb5 Bxe3 7. fxe3 Qh4+
8. g3 Qd8 9. Qg4 g5 10. Nd2 d6 11. Qh5 Ne5 12. h3 h6 13. Bc4 Nxc4 14. Nxc4 Be6
15. Qe2 a6 16. Nd4 Qd7 17. e5 Bxc4 18. Qxc4 dxe5 19. O-O-O exd4 20. Rhf1 Rh7 21.
Qc5 Ne7 22. Rxd4 Qb5 23. Qxb5+ axb5 24. Rfd1 f6 25. Rd7 Rc8 26. e4 Rf7 0-1

[Event "Fagernes GM Open 2014"]
[Site "Fagernes NOR"]
[Date "2014.04.15"]
[Round "4.16"]
[White "Hauge, Lars Oskar"]
[Black "Dolzhikova, Olga"]
[Result "0-1"]
[WhiteTitle "FM"]
[BlackTitle "WGM"]
[WhiteElo "2330"]
[BlackElo "2209"]
[WhiteFideId "1509276"]
[BlackFideId "14105870"]
[EventDate "2014.04.13"]

1. e4 e5 2. Nf3 Nf6 3. Nxe5 d6 4. Nf3 Nxe4 5. Nc3 Nf6 6. d4 Be7 7. Bd3 Bg4 8. h3
Bh5 9. Bf4 Nbd7 10. Qe2 Nb6 11. O-O-O O-O 12. g4 Bg6 13. Bxg6 hxg6 14. h4 Qd7
15. h5 Qxg4 16. Bg5 Qe6 17. Qd3 Qc4 18. hxg6 Qxd3 19. gxf7+ Rxf7 20. Rxd3 Ng4
21. Nd1 Rxf3 22. Bxe7 Rxd3 23. cxd3 Re8 24. Bh4 Nd5 25. Kd2 Kf7 26. Rg1 Nh2 0-1

[Event "Fagernes GM Open 2014"]
[Site "Fagernes NOR"]
[Date "2014.04.15"]
[Round "4.17"]
[White "Kvisvik, Brede"]
[Black "Haria, Ravi"]
[Result "1/2-1/2"]
[WhiteTitle "FM"]
[WhiteElo "2300"]
[BlackElo "2207"]
[WhiteFideId "1502999"]
[BlackFideId "415820"]
[EventDate "2014.04.13"]

1. d4 e6 2. c4 b6 3. a3 Bb7 4. Nc3 f5 5. d5 Nf6 6. g3 Be7 7. Bg2 O-O 8. Nh3 Bd6
9. O-O Be5 10. Nb5 a6 11. Nd4 c5 12. Nf3 Bd6 13. Bf4 Ne4 14. Bxd6 Nxd6 15. Ne5
Qf6 16. f4 Ne4 17. d6 Ra7 18. e3 Rd8 19. Qd3 Qf8 20. Rad1 Nc6 21. Nxc6 Bxc6 22.
Nf2 Nxf2 23. Rxf2 b5 24. e4 fxe4 25. Bxe4 Bxe4 26. Qxe4 g6 27. Rc2 Rc8 28. g4
Rc6 29. Qe5 Rb7 30. f5 exf5 31. Re2 Rb8 32. Qd5+ Qf7 33. Re7 Qxd5 34. Rxd5 Rb7
35. gxf5 gxf5 36. cxb5 axb5 37. Kf2 c4 38. Ke3 c3 39. bxc3 Rxc3+ 40. Kd4 Rxa3
41. Rxf5 Ra4+ 42. Ke5 Rg4 43. h3 Rg1 44. h4 b4 45. Re8+ Kg7 46. Re7+ Kg8 47.
Re8+ Kg7 48. Re7+ Kh8 49. Rf8+ Rg8 50. Rff7 Rb5+ 51. Kf4 Rh5 52. Rxd7 Rxh4+ 53.
Kf5 Rh5+ 54. Kf6 Rg6+ 55. Ke7 Re5+ 56. Kd8 Kg8 57. Rfe7 Rf5 58. Re8+ Rf8 59.
Rxf8+ Kxf8 60. Kc7 b3 61. Rd8+ Kf7 62. d7 Rg7 63. Rb8 Ke6 64. Rb6+ Kf5 65. Rxb3
h5 66. Rb8 Rxd7+ 67. Kxd7 Kg4 68. Rg8+ Kf4 69. Rh8 Kg4 70. Ke6 h4 71. Ke5 Kg3
72. Ke4 h3 73. Ke3 Kg2 74. Rg8+ Kf1 75. Rf8+ Kg2 76. Rf2+ Kg1 77. Re2 h2 78.
Rxh2 Kxh2 1/2-1/2

[Event "Fagernes GM Open 2014"]
[Site "Fagernes NOR"]
[Date "2014.04.15"]
[Round "4.18"]
[White "Jorgensen, Line Jin"]
[Black "Flermoen, Peter"]
[Result "1/2-1/2"]
[BlackTitle "CM"]
[WhiteElo "1926"]
[BlackElo "2232"]
[WhiteFideId "1505467"]
[BlackFideId "1507303"]
[EventDate "2014.04.13"]

1. d4 Nf6 2. c4 g6 3. Nc3 d5 4. cxd5 Nxd5 5. e4 Nxc3 6. bxc3 Bg7 7. Nf3 c5 8.
Be2 O-O 9. O-O Nc6 10. e5 Bg4 11. Be3 Qc7 12. Qc1 Rfd8 13. Rd1 Rac8 14. Qa3 Na5
15. Rac1 Be6 16. Nd2 a6 17. h3 Rd7 18. Qb2 Qd8 19. Qa1 b5 20. Ne4 cxd4 21. cxd4
Bc4 22. Bg4 e6 23. Bg5 Qf8 24. Bd2 1/2-1/2

[Event "Fagernes GM Open 2014"]
[Site "Fagernes NOR"]
[Date "2014.04.15"]
[Round "4.19"]
[White "Guttulsrud, Odd Martin"]
[Black "Merkesvik, Sondre"]
[Result "1-0"]
[WhiteTitle "CM"]
[WhiteElo "2206"]
[BlackElo "2042"]
[WhiteFideId "1507249"]
[BlackFideId "1514350"]
[EventDate "2014.04.13"]

1. e4 Nf6 2. e5 Nd5 3. c4 Nb6 4. d4 d6 5. exd6 exd6 6. Nc3 Nc6 7. h3 Bf5 8. Be3
Be7 9. Nf3 Bf6 10. b3 O-O 11. Be2 a5 12. Rc1 h6 13. O-O d5 14. c5 Nc8 15. Bf4
N8e7 16. Ne5 b6 17. Bf3 Be6 18. cxb6 cxb6 19. Nxc6 Nxc6 20. Nb5 Qd7 21. Nc7 Ra7
22. Nxe6 Qxe6 23. Re1 Qd7 24. Bg4 Qb7 25. Be3 Raa8 26. Bf5 Rad8 27. Bb1 Rfe8 28.
Qc2 Re6 29. Qh7+ Kf8 30. Bf5 Rde8 31. Bxe6 Rxe6 32. Bf4 Qd7 33. Rxe6 fxe6 34.
Qh8+ Kf7 35. Qa8 Ne7 36. a4 Bxd4 37. Rc7 Qe8 38. Qb7 Bc5 39. Be3 d4 40. Qf3+ Kg8
41. Bf4 Nd5 42. Rb7 Qg6 43. Be5 Nf6 44. Rb8+ Kh7 45. Rd8 Ne4 46. Rd7 Ng5 47. Qg3
Bf8 48. Bxd4 Qf5 49. Bxb6 e5 50. Qd3 e4 51. Qd5 Qg6 52. Be3 Nf3+ 53. Kh1 Nh4 54.
g3 Nf5 55. Qf7 Nxg3+ 56. fxg3 Qxg3 57. Qf5+ Kh8 58. Rd8 Qe1+ 59. Bg1 Qb4 60.
Rxf8+ 1-0

[Event "Fagernes GM Open 2014"]
[Site "Fagernes NOR"]
[Date "2014.04.15"]
[Round "4.20"]
[White "Djurhuus, Eivind X"]
[Black "Hagesather, Ellen"]
[Result "1/2-1/2"]
[BlackTitle "WIM"]
[WhiteElo "1977"]
[BlackElo "2204"]
[WhiteFideId "1515721"]
[BlackFideId "1501909"]
[EventDate "2014.04.13"]

1. e4 e5 2. Nf3 Nc6 3. Bb5 a6 4. Ba4 Nf6 5. O-O Be7 6. Re1 b5 7. Bb3 d6 8. c3
O-O 9. d4 Bg4 10. d5 Na5 11. Bc2 c6 12. h3 Bh5 13. dxc6 Qc7 14. Nbd2 Nxc6 15.
Nf1 b4 16. Ng3 bxc3 17. Nxh5 Nxh5 18. bxc3 g6 19. Bd3 Nf4 20. Bf1 Rfc8 21. Be3
Na5 22. c4 Ne6 23. Rc1 Nb7 24. g3 Nbc5 25. Nd2 a5 26. f3 Bg5 27. Bf2 Rab8 28. h4
Bh6 29. Rb1 a4 30. Rb4 Qc6 31. Nb1 Nc7 32. Rxb8 Rxb8 33. Nc3 Rb2 34. Re2 a3 35.
Rc2 N5a6 36. Qe2 Bc1 37. Qd1 Rxc2 38. Qxc2 Bb2 39. Qb3 Kg7 40. Nb5 Nc5 41. Qd1
Nb7 42. Qd3 Ne6 43. Qd5 Qxd5 44. cxd5 Nd4 45. Kg2 Nxb5 46. Bxb5 Kf8 47. g4 Ke7
48. Be3 Nc5 49. Kf2 Nb3 50. Bc4 Nd4 51. Bd2 Kd7 52. f4 f6 53. f5 gxf5 54. gxf5
Ke7 55. Be2 Nb3 56. Bb4 Nc5 57. Kf3 Bc1 58. Bd1 Nd3 59. Bc3 Bb2 60. Bd2 Nc1 61.
Bxc1 Bxc1 62. Bb3 1/2-1/2

[Event "Fagernes GM Open 2014"]
[Site "Fagernes NOR"]
[Date "2014.04.15"]
[Round "4.21"]
[White "Hagesather, Arne"]
[Black "Bjerke, Richard"]
[Result "0-1"]
[BlackTitle "FM"]
[WhiteElo "2143"]
[BlackElo "2194"]
[WhiteFideId "1502476"]
[BlackFideId "1500252"]
[EventDate "2014.04.13"]

1. e4 e6 2. d4 d5 3. e5 c5 4. c3 Nc6 5. Nf3 Qb6 6. a3 c4 7. Be2 Na5 8. Nbd2 Bd7
9. O-O Ne7 10. Rb1 f6 11. exf6 gxf6 12. Nh4 O-O-O 13. Qc2 Be8 14. b3 cxb3 15.
Qd3 Ng6 16. Ndf3 Nc4 17. Qd1 Ba4 18. Bxc4 dxc4 19. Re1 Bc6 20. Qe2 Bd5 21. Nxg6
hxg6 22. Bf4 Bd6 23. Bxd6 Qxd6 24. g3 g5 25. Nd2 Qc6 26. f3 Rh6 27. Rf1 Rdh8 28.
Rf2 f5 29. Nf1 Qc7 30. f4 gxf4 31. Rxf4 Rg8 32. Qf2 Rhg6 33. Re1 b5 34. Ne3 Be4
35. d5 Qh7 36. Kf1 Bd3+ 37. Kg1 Be4 38. Kf1 Rh6 39. Kg1 Rh3 40. Rxe4 fxe4 41.
Ng2 Qc7 42. Nf4 Rf8 43. Qg2 Qb6+ 44. Kh1 Rh6 45. Rxe4 Rfh8 46. h4 exd5 47. Nxd5
Qc5 48. Qh3+ Kb8 49. Qd7 b2 50. Re7 b1=Q+ 51. Kh2 Qbg1+ 0-1

[Event "Fagernes GM Open 2014"]
[Site "Fagernes NOR"]
[Date "2014.04.16"]
[Round "5.1"]
[White "Postny, Evgeny"]
[Black "Shankland, Samuel L"]
[Result "1/2-1/2"]
[WhiteTitle "GM"]
[BlackTitle "GM"]
[WhiteElo "2630"]
[BlackElo "2616"]
[WhiteFideId "2804344"]
[BlackFideId "2004887"]
[EventDate "2014.04.13"]

1. d4 Nf6 2. c4 g6 3. Nc3 d5 4. cxd5 Nxd5 5. e4 Nxc3 6. bxc3 Bg7 7. Nf3 c5 8.
Rb1 O-O 9. Be2 Nc6 10. d5 Ne5 11. Nxe5 Bxe5 12. Qd2 e6 13. f4 Bg7 14. d6 b6 15.
O-O Bb7 16. e5 f6 17. exf6 Qxf6 18. Bb2 Qf5 19. c4 Bxb2 20. Qxb2 g5 1/2-1/2

[Event "Fagernes GM Open 2014"]
[Site "Fagernes NOR"]
[Date "2014.04.16"]
[Round "5.2"]
[White "Romanov, Evgeny"]
[Black "Rozentalis, Eduardas"]
[Result "1/2-1/2"]
[WhiteTitle "GM"]
[BlackTitle "GM"]
[WhiteElo "2642"]
[BlackElo "2624"]
[WhiteFideId "4148843"]
[BlackFideId "12800023"]
[EventDate "2014.04.13"]

1. c4 e6 2. Nc3 b6 3. e4 Bb7 4. Nf3 Bb4 5. Bd3 Ne7 6. a3 Bxc3 7. dxc3 d6 8. h4
Nd7 9. Qe2 a5 10. h5 h6 11. Be3 e5 12. Bc2 a4 13. O-O-O Qc8 14. Nh4 Nf6 15. Bd2
Qd7 1/2-1/2

[Event "Fagernes GM Open 2014"]
[Site "Fagernes NOR"]
[Date "2014.04.16"]
[Round "5.3"]
[White "Gajewski, Grzegorz"]
[Black "Urkedal, Frode"]
[Result "1-0"]
[WhiteTitle "GM"]
[BlackTitle "IM"]
[WhiteElo "2631"]
[BlackElo "2494"]
[WhiteFideId "1116207"]
[BlackFideId "1506102"]
[EventDate "2014.04.13"]

1. d4 Nf6 2. c4 e6 3. Nf3 b6 4. g3 Bb7 5. Bg2 Be7 6. O-O O-O 7. Nc3 Ne4 8. Bd2
Bf6 9. Rc1 c5 10. d5 exd5 11. cxd5 Nxd2 12. Nxd2 d6 13. Nde4 Be5 14. e3 g6 15.
f4 Bg7 16. g4 Ba6 17. Rf3 b5 18. Qd2 b4 19. Nd1 Qe7 20. Ndf2 Nd7 21. g5 Rae8 22.
h4 Bb7 23. Bh3 Nb6 24. f5 gxf5 25. Rxf5 Bc8 26. Nf6+ Bxf6 27. gxf6 Qxe3 28. Rg5+
Kh8 29. Qxe3 Rxe3 30. Bxc8 Nxc8 31. Ng4 Re4 32. Kf2 h6 33. Kf3 hxg5 34. Kxe4
gxh4 35. Rh1 Re8+ 36. Kf3 Kg8 37. Rxh4 Nb6 38. Nh6+ Kh7 39. Nxf7+ Kg6 40. Nxd6
Rf8 41. f7 Nxd5 42. Ke4 Nb6 43. Ke5 Rxf7 44. Nxf7 Kxf7 45. Rh7+ Ke8 46. Rxa7 Kd8
47. b3 c4 48. Rb7 cxb3 49. axb3 1-0